Dragon Ball-2 (Record no. 12803)

MARC details
000 -LEADER
fixed length control field 00243nam a22000977a 4500
008 - FIXED-LENGTH DATA ELEMENTS--GENERAL INFORMATION
fixed length control field 250818b |||||||| |||| 00| 0 eng d
020 ## - INTERNATIONAL STANDARD BOOK NUMBER
International Standard Book Number 9781569319314
100 ## - MAIN ENTRY--PERSONAL NAME
Personal name Toriama Akira
9 (RLIN) 7848
245 ## - TITLE STATEMENT
Title Dragon Ball-2
260 ## - PUBLICATION, DISTRIBUTION, ETC. (IMPRINT)
Place of publication, distribution, etc. USA
Name of publisher, distributor, etc. Shonen Jump
Date of publication, distribution, etc. 2023
Holdings
Withdrawn status Lost status Source of classification or shelving scheme Damaged status Koha normalized classification for sorting Not for loan Home library Current library Shelving location Date acquired Total Checkouts Full call number Barcode Date last seen Date last checked out Price effective from Koha item type
    Dewey Decimal Classification   TOR_741_490000000000000   Good Samaritan School Library Good Samaritan School Library FICTION 08/18/2025 7 TOR741.49 TOR18165 01/30/2026 01/29/2026 08/18/2025 BOOK

Powered by Koha